| 000 | 00000nas##2200000za#4500 |
| 001 | 9.513081 |
| 003 | CaOODSP |
| 005 | 20200325130351 |
| 007 | ta |
| 008 | 150406c1994||||xxc|| m #||||f| |0fre|d |
| 040 | |aCaOODSP|bfre |
| 043 | |an-cn--- |
| 086 | 1 |aH39-292F |
| 110 | 1 |aCanada.|bSanté Canada. |bDirection générale des services et de la promotion de la santé. |
| 245 | 10|aDocuments de discussion sur les questions relatives à la santé et à la violence familiale |
| 260 | |aOttawa - Ontario : |bSanté Canada. |
| 563 | |aCouverture souple |
| 775 | 08|tDiscussion papers on health/family violence issues |w(CaOODSP)9.514721 |